Formación del profesorado y condiciones sociales de la escolarización / Daniel P. Liston Kenneth M. Zeichner (Registro nro. 753)

Detalles MARC
000 -LEADER
fixed length control field 00622nam a22002291a 4500
001 - CONTROL NUMBER
control field 753
003 - CONTROL NUMBER IDENTIFIER
control field OSt
005 - DATE AND TIME OF LATEST TRANSACTION
control field 20260204211707.0
008 - FIXED-LENGTH DATA ELEMENTS--GENERAL INFORMATION
fixed length control field 040114s1997||||sp ||||||b||||||||||spa||
020 ## - NUMERO DE LIBRO INTERNACIONAL NORMALIZADO
International Standard Book Number 8471123843
050 ## - LIBRARY OF CONGRESS CALL NUMBER
Classification number 379.92 L698f
082 ## - DEWEY DECIMAL CLASSIFICATION NUMBER
Classification number 379.92 L698f
100 ## - ASIENTO PRINCIPAL -- NOMBRE PERSONAL
Personal name Liston, Daniel P.
245 ## - TÍTULO PROPIAMENTE DICHO: SUBTÍTULO
Title Formación del profesorado y condiciones sociales de la escolarización / Daniel P. Liston Kenneth M. Zeichner
250 ## - MENCIÓN DE EDICIÓN
Edition statement 2
264 ## - PRODUCTION, PUBLICATION, DISTRIBUTION, MANUFACTURE, AND COPYRIGHT NOTICE
Place of production, publication, distribution, manufacture España : Morata
300 ## - PHYSICAL DESCRIPTION
Extensión 279 p.
500 ## - GENERAL NOTE
General note Incluye indice
650 ## - ASIENTO SECUNDARIO DE MATERIA -- TERMINO TEMÁTICO
Termino Temático Como Elemento de Entrada 1.Educación - Educación
700 ## - ASIENTO SECUNDARIO -- NOMBRE PERSONAL
Personal name Kennth M. Zeichner IIÌ
942 ## - ADDED ENTRY ELEMENTS (KOHA)
Source of classification or shelving scheme Dewey Decimal Classification
Koha item type Libros
Existencias
Withdrawn status Lost status Source of classification or shelving scheme Damaged status Not for loan Current library Date acquired Total Checkouts Full call number Barcode Date last seen Price effective from Koha item type
    Dewey Decimal Classification     Biblioteca UTECO 09/09/2019   379.92 L698F 000429 09/09/2019 09/09/2019 Libros
    Dewey Decimal Classification     Biblioteca UTECO 09/09/2019   379.92 L698F 000430 09/09/2019 09/09/2019 Libros
    Dewey Decimal Classification     Biblioteca UTECO 09/09/2019   379.92 L698F 000431 09/09/2019 09/09/2019 Libros
    Dewey Decimal Classification     Biblioteca UTECO 09/09/2019   379.92 L698F 000432 09/09/2019 09/09/2019 Libros
    Dewey Decimal Classification Descartado para donación   Biblioteca UTECO 09/09/2019   379.92 L698F 000433 09/09/2019 09/09/2019 Libros
    Dewey Decimal Classification     Biblioteca UTECO 09/09/2019   379.92 L698F 000434 09/09/2019 09/09/2019 Libros
© 2021 Derechos Reservados UTECO - Teléfono: +1 809-585-2291 - Correo electrónico: biblioteca@uteco.edu.do​  
Código postal 43000 ​​
Dirección: Avenida Universitaria No. 100, 
Cotuí, Provincia Sánchez Ramírez, República Dominicana - RNC: 404-00059-6